[Event "DEN-ch"]
[Site "Horsens"]
[Date "2003.04.12"]
[Round "1"]
[White "Pedersen, Nicolai Vesterbaek"]
[Black "Hoi, Carsten"]
[Result "1-0"]
[WhiteElo "2508"]
[BlackElo "2406"]
[PlyCount "81"]
[EventDate "2003.04.12"]
[EventType "tourn"]
[EventRounds "9"]
[EventCountry "DEN"]
[EventCategory "10"]
[Source "ChessBase"]
[SourceDate "2003.07.25"]

1. e4 g6 2. d4 Bg7 3. Nc3 d6 4. f4 Nc6 5. Be3 e6 6. Nf3 Nf6 7. Qd2 a6 8. e5 Nd5
9. Nxd5 exd5 10. Bd3 Ne7 11. O-O Bf5 12. Bxf5 Nxf5 13. Bf2 Qd7 14. Qd3 O-O-O
15. h3 h5 16. Nh4 Rde8 17. Qf3 c6 18. Rac1 Kb8 19. b3 Bf8 20. c4 dxc4 21. bxc4
d5 22. Nxf5 gxf5 23. Bh4 dxc4 24. Rxc4 Qd5 25. Qxd5 cxd5 26. Rc3 Rg8 27. Rb1
Rc8 28. Rxc8+ Kxc8 29. Bg5 Rg6 30. Re1 b5 31. Kf2 Rc6 32. g4 hxg4 33. hxg4 fxg4
34. f5 Kd7 35. Kg3 b4 36. Rh1 a5 37. Rh7 Ke8 38. Rh8 a4 39. f6 Rc3+ 40. Kxg4
Rc8 41. Bh6 1-0

[Event "DEN-ch"]
[Site "Horsens"]
[Date "2003.04.16"]
[Round "5"]
[White "Pedersen, Nicolai Vesterbaek"]
[Black "Nielsen, Peter Heine"]
[Result "1/2-1/2"]
[WhiteElo "2508"]
[BlackElo "2625"]
[Annotator "Lutz,C"]
[PlyCount "200"]
[EventDate "2003.04.12"]
[EventType "tourn"]
[EventRounds "9"]
[EventCountry "DEN"]
[EventCategory "10"]
[Source "ChessBase"]
[SourceDate "2003.07.25"]

1. d4 d5 2. c4 c6 3. Nc3 Nf6 4. e3 e6 5. Nf3 Nbd7 6. Qc2 Bd6 7. g4 h6 8. h3 {
Dieser Zug ist bescheidener als die populreren Alternativen 8.Rg1 und 8.Bd2.
Wei deckt erst einmal seinen Bauern und schaut dann weiter.} e5 $6 {Dieser
Zug erscheint mir nicht richtig. In den entstehenden Isolani-Stellungen fgt
sich der Pg4 gut in die weie Stellung, da er jetzt mit h2-h3 zuverlssig
gesttzt wurde. 8...Qe7 erscheint mir flexibler.} (8... Qe7 9. Bd2 (9. cxd5
exd5 10. Bd3 c5 11. Bd2 a6 12. O-O-O c4 13. Bf5 g6 14. e4 gxf5 15. e5 fxg4 16.
hxg4 Nb6 17. exd6 Qxd6 18. Rde1+ $40 {1-0 Koch,T-Flear,G/San Sebastian 1995/
EXT 2001 (34)}) 9... dxc4 (9... a6 10. O-O-O b5 11. c5 Bc7 12. Kb1 a5 13. Bd3
Ba6 14. Ne2 O-O 15. g5 hxg5 16. Nxg5 e5 17. Ng3 exd4 18. exd4 Bxg3 19. fxg3 b4
20. Bh7+ Kh8 21. Rhe1 Qd8 22. Bf5 Ra7 23. Bf4 Nb8 24. g4 {1-0 Nikolaidis,
I-Karanikolas,K/GRE 1996/CBM 51 ext (24)}) 10. Bxc4 b5 11. Be2 Bb7 12. Rg1 a6
13. h4 c5 14. g5 hxg5 15. hxg5 Nd5 16. Nxd5 Bxd5 17. e4 Bb7 $11 18. e5 Bb8 19.
dxc5 Qxc5 20. Qxc5 Nxc5 21. g6 fxg6 22. Rc1 Nd7 23. Ng5 Bxe5 24. Nxe6 Rc8 25.
Rxc8+ Bxc8 26. b3 Nf8 27. Nxf8 Kxf8 28. Bd3 Bf5 29. Bxf5 gxf5 30. Rg5 Rh1+ 31.
Ke2 Bf6 32. Rxf5 Ra1 33. a3 Kg8 34. Bb4 Ra2+ 35. Kf1 Kh7 36. Rh5+ Kg6 37. Rd5
Rb2 38. Rd6 Kf5 39. Rxa6 Bd4 40. Be1 Rxb3 41. Kg2 Bc5 42. a4 {1/2-1/2 Gozzoli,
Y-Sprenger,J/Leipzig 2002/CBM 89 (42)}) (8... a6 $5 {Ftacnik} 9. Rg1 dxc4 10.
e4 (10. Bxc4 {Ftacnik} b5 11. Bd3 Bb7) 10... e5 (10... Bb4 {Ftacnik} 11. Bxc4
$16) 11. g5 hxg5 12. Bxg5 b5 (12... c5 $5 {Ftacnik} 13. dxe5 Nxe5 14. Nxe5 Bxe5
15. Rd1 Bd4 16. Be3 g6 17. Bxc4 Bxh3 $13) 13. O-O-O Qc7 {1-0 Dao Thien
Hai-Farago,S/Budapest 1995/CBM 49/[Ftacnik] (35)}) (8... O-O {Ftacnik} 9. g5
$36) 9. cxd5 cxd5 10. dxe5 (10. Nb5 $2 {Ftacnik} Bb8 11. dxe5 Nxe5 12. Nbd4 Ne4
$15) 10... Nxe5 11. Nxe5 Bxe5 12. Bd2 O-O (12... d4 {Chekhov} 13. exd4 Bxd4 (
13... Qxd4 14. O-O-O $36) 14. Nb5 Be5 15. Bb4 $16) 13. Bg2 Ne4 {Schwarz sucht
eine sofortige Klrung im Zentrum, aber Wei behlt die Initative.} (13...
Be6 14. f4 $1 Bxc3 (14... Bc7 $5 {Chekhov} 15. O-O-O {/\f5/}) (14... Bd6 {
Ftacnik} 15. Qd3 $16) 15. Bxc3 Ne4 16. O-O f5 (16... Nxc3 {Chekhov} 17. Qxc3 f6
18. Rad1 Re8 $5 19. Qb3 Qb6 20. Qxb6 $1 axb6 21. a3 {1-0 Wojtkiewicz,
A-Khalifman,A/ Rakvere 1993/CBM 38/[Chekhov] (61)}) (16... Rc8 {Chekhov} 17.
Bxe4 dxe4 18. Qxe4 Qd5 19. Qb4 $16) 17. Bxe4 dxe4 18. Qg2 Qe7 19. Qg3 Qf7 20.
Rf2 Rad8 21. Rg2 $40 {1-0 Chabanon,J-Relange,E/Paris 1994/CBM 42 (33)'}) (13...
d4 $5 {Ftacnik} 14. exd4 Bxd4 15. O-O-O $1 Qc7 $6 16. Nb5 $1 Qxc2+ 17. Kxc2 {/\
} Bxf2 18. Bb4 $16) 14. Nxd5 Qxd5 15. Qxe4 (15. Bxe4 Qb5 {ist ebenfalls zu
prfen. Wei zieht aber das risikolose Endspiel vor.}) 15... Qxe4 16. Bxe4
Bxb2 17. Rb1 Bf6 18. Ke2 $36 {[%csl Rb7,Rc7][%cal Yh1c1,Yc1c7,Yb1b7,Ye4b7]
Wei hat Druck im Endspiel.} Rb8 19. Rhc1 Re8 20. f3 Be6 21. a4 b6 22. Rc7 Re7
23. Rbc1 Bb3 24. Rxe7 Bxe7 25. Rc7 Bc5 26. a5 (26. Rxa7 b5 27. Rc7 Bb6) 26...
Bc4+ 27. Ke1 Rd8 28. Rxa7 {Damit hat Wei einen Bauern erobert. Schwarz muss
versuchen, das letzte Bauernpaar am Damenflgel abzutauschen, um Schlimmeres
zu verhindern.} Rc8 (28... bxa5 $2 29. Rc7) 29. Bf5 Rb8 30. Rc7 (30. a6 $5)
30... Bb5 31. Be4 Bd6 32. Ra7 (32. axb6 $5) 32... Bg3+ 33. Kd1 Ba4+ 34. Ke2
Bb5+ 35. Kd1 Ba4+ 36. Bc2 Bxc2+ 37. Kxc2 bxa5 $14 {Damit hat Schwarz das
Grbste berstanden.} 38. Rxa5 Bh4 39. Bc3 Bf6 40. Bxf6 gxf6 41. Kd3 Rb4 42.
h4 Kg7 43. f4 Rb7 44. Ke4 Re7+ 45. Kf3 Rb7 46. g5 fxg5 47. hxg5 hxg5 48. Rxg5+
Kf6 49. e4 Rb1 50. e5+ Ke6 51. Rh5 Rf1+ 52. Ke3 Re1+ 53. Kf2 Ra1 54. Rh6+ Ke7
55. Kf3 Re1 56. Kg4 Kf8 57. Kf5 Kg7 58. Rc6 Re2 59. Rc7 Re1 60. Re7 Ra1 61. Rb7
Re1 62. Rb6 Re2 63. Rb1 Ra2 64. Rg1+ Kf8 65. Kg5 Ra5 66. Rc1 Kg7 67. Rc7 Rb5
68. Kg4 Kf8 69. Rc1 Kg7 70. Re1 Rb4 71. Kf3 Kg6 72. Rg1+ Kf5 73. Rg5+ Ke6 74.
Rh5 Rb5 75. Kg4 Rb4 76. Rh8 Ke7 77. Ra8 Rc4 78. Kg5 Rc1 79. Ra7+ Kf8 80. f5 Rh1
81. Ra8+ Ke7 82. f6+ Kd7 83. Rf8 Rg1+ 84. Kf4 Rf1+ 85. Ke4 Re1+ 86. Kf5 Rf1+
87. Kg5 Rg1+ 88. Kf4 Rf1+ 89. Kg4 Rg1+ 90. Kf3 Ke6 91. Re8+ Kf5 92. Re7 Re1 93.
Rxf7 Rxe5 94. Rf8 Kg6 95. Kg4 Rg5+ 96. Kh4 Rh5+ 97. Kg4 Rg5+ 98. Kf4 Rf5+ 99.
Ke4 Rxf6 100. Rxf6+ Kxf6 1/2-1/2

[Event "DEN-ch"]
[Site "Horsens"]
[Date "2003.04.18"]
[Round "7"]
[White "Pedersen, Nicolai Vesterbaek"]
[Black "Schandorff, Lars"]
[Result "1-0"]
[WhiteElo "2508"]
[BlackElo "2563"]
[PlyCount "109"]
[EventDate "2003.04.12"]
[EventType "tourn"]
[EventRounds "9"]
[EventCountry "DEN"]
[EventCategory "10"]
[Source "ChessBase"]
[SourceDate "2003.07.25"]

1. d4 Nf6 2. c4 e6 3. Nc3 Bb4 4. e3 O-O 5. a3 Bxc3+ 6. bxc3 c5 7. Bd3 Nc6 8.
Ne2 b6 9. e4 Ne8 10. O-O Ba6 11. f4 f5 12. Ng3 g6 13. exf5 exf5 14. dxc5 bxc5
15. Be3 d6 16. Bxf5 gxf5 17. Qd5+ Rf7 18. Qxc6 Bb7 19. Qa4 h5 20. Rab1 Ng7 21.
Qd1 h4 22. Nh1 Qe8 23. Nf2 h3 24. Rxb7 Rxb7 25. Qxd6 Rc8 26. Qd5+ Rf7 27. Bxc5
hxg2 28. Rd1 Qe6 29. Bd4 Rxc4 30. Qxg2 Qe2 31. Rb1 Rc8 32. Kh1 Qe6 33. Rg1 Qc6
34. Nd3 Qxg2+ 35. Rxg2 Kh7 36. Rg3 Rb8 37. Kg2 Rb1 38. Kf3 Rd1 39. Ne5 Rb7 40.
Rh3+ Kg8 41. Ke2 Ra1 42. Nc4 Rc7 43. Ne3 Ne6 44. Rh8+ Kf7 45. Be5 Ra2+ 46. Kf3
Rd7 47. Nxf5 Rxa3 48. Rh7+ Ke8 49. Nd6+ Rxd6 50. Bxd6 Rxc3+ 51. Ke4 Kd8 52. Kd5
Re3 53. Be5 Nf8 54. Rh8 Ke8 55. Bd6 1-0

[Event "DEN-ch"]
[Site "Horsens"]
[Date "2003.04.14"]
[Round "3"]
[White "Pedersen, Nicolai Vesterbaek"]
[Black "Fries Nielsen, Jens Ove"]
[Result "1/2-1/2"]
[WhiteElo "2508"]
[BlackElo "2448"]
[PlyCount "21"]
[EventDate "2003.04.12"]
[EventType "tourn"]
[EventRounds "9"]
[EventCountry "DEN"]
[EventCategory "10"]
[Source "ChessBase"]
[SourceDate "2003.07.25"]

1. d4 Nf6 2. c4 c5 3. d5 e6 4. Nc3 exd5 5. cxd5 d6 6. Nf3 a6 7. a4 Qe7 8. g3 g6
9. Bg2 Bg7 10. Nd2 Nbd7 11. O-O 1/2-1/2

[Event "DEN-ch"]
[Site "Horsens"]
[Date "2003.04.20"]
[Round "9"]
[White "Pedersen, Nicolai Vesterbaek"]
[Black "Hansen, Sune Berg"]
[Result "1/2-1/2"]
[WhiteElo "2508"]
[BlackElo "2537"]
[PlyCount "190"]
[EventDate "2003.04.12"]
[EventType "tourn"]
[EventRounds "9"]
[EventCountry "DEN"]
[EventCategory "10"]
[Source "ChessBase"]
[SourceDate "2003.07.25"]

1. e4 c5 2. c3 d5 3. exd5 Qxd5 4. d4 e6 5. Be3 cxd4 6. cxd4 Nf6 7. Nc3 Qa5 8.
Bd3 Bd7 9. a3 Bc6 10. b4 Qd8 11. Nf3 a6 12. Bc4 Nbd7 13. d5 exd5 14. Nxd5 Bd6
15. Ra2 Ne5 16. Bb6 Nxf3+ 17. gxf3 Qd7 18. Re2+ Kf8 19. Nxf6 gxf6 20. Be3 Be7
21. Qxd7 Bxd7 22. Bd5 Bb5 23. Bxb7 Rb8 24. Rc2 Bd6 25. Be4 Ke7 26. Kd2 Rhd8 27.
Kc1 Ba4 28. Rc3 Be5 29. Rc5 Bd6 30. Rc3 Be5 31. Rc5 Bd6 32. Bf5 Bd7 33. Re1 Be6
34. Bxe6 fxe6 35. Rh5 Rh8 36. Rg1 Kf7 37. Kc2 e5 38. Rg4 a5 39. Kb3 axb4 40.
axb4 Rb7 41. Rc4 Kg6 42. Rh6+ Kf5 43. Bd2 Rg8 44. Rg4 Rc8 45. Rhh4 Rcb8 46. Rc4
Rg8 47. Rhg4 Rgb8 48. Rc6 Ke6 49. Ra6 Rd8 50. Rc4 Kf5 51. Be3 Bf8 52. Ra1 Rdb8
53. Ra4 Bd6 54. Bd2 Rd8 55. Be3 Rdb8 56. Bd2 Rd8 57. Kc3 Rdb8 58. h3 Be7 59.
Kb3 Bf8 60. Ra1 Be7 61. f4 Rd7 62. Kc2 Rdb7 63. Ra4 Rb5 64. fxe5 fxe5 65. Ra5
Ke6 66. Rxb5 Rxb5 67. Kb3 Rb7 68. Rg4 Bd6 69. Be3 Kd5 70. Rc4 Rb5 71. Bd2 Rb7
72. Rc8 Ke4 73. Rc6 Kd5 74. Ra6 Be7 75. Ka4 Kc4 76. Rc6+ Kd3 77. Bc3 e4 78. b5
Bh4 79. Be1 Ke2 80. Re6 Re7 81. Rxe7 Bxe7 82. Bb4 Bxb4 83. Kxb4 Kxf2 84. b6 e3
85. b7 e2 86. b8=Q e1=Q+ 87. Kc4 Qe4+ 88. Kc3 Qe3+ 89. Kc2 Qxh3 90. Qf4+ Kg2
91. Qe4+ Kh2 92. Qf4+ Kg1 93. Qd4+ Kh1 94. Qd1+ Kh2 95. Qd6+ Qg3 1/2-1/2

[Event "DEN-ch"]
[Site "Horsens"]
[Date "2003.04.15"]
[Round "4"]
[White "Pedersen, Steffen"]
[Black "Pedersen, Nicolai Vesterbaek"]
[Result "0-1"]
[WhiteElo "2443"]
[BlackElo "2508"]
[PlyCount "66"]
[EventDate "2003.04.12"]
[EventType "tourn"]
[EventRounds "9"]
[EventCountry "DEN"]
[EventCategory "10"]
[Source "ChessBase"]
[SourceDate "2003.07.25"]

1. d4 Nf6 2. c4 e6 3. Nf3 b6 4. a3 Ba6 5. Qc2 Bb7 6. Nc3 c5 7. e4 cxd4 8. Nxd4
Bc5 9. Nb3 Nc6 10. Bg5 Nd4 11. Nxd4 Bxd4 12. Nb5 Be5 13. f4 Bb8 14. e5 h6 15.
Bxf6 gxf6 16. Nd6+ Bxd6 17. exd6 Rc8 18. Rc1 f5 19. Qc3 Rg8 20. Rc2 f6 21. Rg1
Kf7 22. g3 Be4 23. Bd3 Rc6 24. Qd4 Bxd3 25. Qxd3 Qb8 26. Rd2 Qc8 27. b3 b5 28.
g4 bxc4 29. Qh3 Rg6 30. b4 c3 31. Rc2 Rxd6 32. Rgg2 fxg4 33. Rxg4 Qc4 0-1

[Event "DEN-ch"]
[Site "Horsens"]
[Date "2003.04.20"]
[Round "9"]
[White "Pedersen, Steffen"]
[Black "Nielsen, Peter Heine"]
[Result "0-1"]
[WhiteElo "2443"]
[BlackElo "2625"]
[PlyCount "74"]
[EventDate "2003.04.12"]
[EventType "tourn"]
[EventRounds "9"]
[EventCountry "DEN"]
[EventCategory "10"]
[Source "ChessBase"]
[SourceDate "2003.07.25"]

1. d4 d5 2. c4 c6 3. Nf3 Nf6 4. Nc3 dxc4 5. a4 Bf5 6. e3 e6 7. Bxc4 Bb4 8. O-O
Nbd7 9. Ne5 Nxe5 10. dxe5 Qxd1 11. Rxd1 Nd7 12. e4 Nxe5 13. Be2 Bg6 14. f4 Nd7
15. g4 f6 16. Be3 a5 17. Bc4 Bc5 18. Kf2 Bxe3+ 19. Kxe3 Ke7 20. Ne2 e5 21. f5
Nb6 22. Bb3 Bf7 23. Bxf7 Kxf7 24. Rd3 Rhd8 25. Rb3 Nc4+ 26. Kf2 Rd7 27. Rc1 Nd2
28. Re3 Ra6 29. Ke1 Rb6 30. Rc2 Nb3 31. Rcc3 Nd4 32. b3 Rb4 33. Nc1 b5 34. Na2
bxa4 35. Nxb4 axb4 36. Rc4 a3 37. Rc1 a2 0-1

[Event "DEN-ch"]
[Site "Horsens"]
[Date "2003.04.17"]
[Round "6"]
[White "Pedersen, Steffen"]
[Black "Palo, Davor"]
[Result "0-1"]
[WhiteElo "2443"]
[BlackElo "2483"]
[Annotator "Ftacnik,L"]
[PlyCount "62"]
[EventDate "2003.04.12"]
[EventType "tourn"]
[EventRounds "9"]
[EventCountry "DEN"]
[EventCategory "10"]
[Source "ChessBase"]
[SourceDate "2003.07.25"]

1. d4 Nf6 2. c4 e6 3. Nf3 b6 4. a3 Bb7 5. Nc3 d5 6. cxd5 Nxd5 7. Bd2 Nd7 8.
Nxd5 Bxd5 9. Qc2 f5 $5 $146 {Black plays a radical new idea of preventing e4
with a brute force.} (9... c5 10. e4 Bb7) 10. e3 Bd6 11. Bc4 O-O (11... Bxc4
12. Qxc4 Qe7 13. O-O O-O 14. Rfd1 c5 $11) (11... c6 12. Bxd5 cxd5 13. Qc6 Ke7
14. Bb4 Bxb4+ 15. axb4 $14) 12. Bxd5 exd5 13. O-O a5 14. b4 a4 (14... axb4 15.
axb4 (15. Bxb4 c5 16. dxc5 bxc5 17. Bc3 f4 $13) 15... Rxa1 16. Rxa1 Qe8 17. b5
Nf6 18. Qb3 $14) 15. b5 Qe7 16. Rfb1 Nf6 (16... Bxa3 $2 17. Rxa3 Qxa3 18. Bb4
$18) 17. Bb4 (17. Qxf5 $5 {Pedersen ignores a good chance to make a fine trade
winning a pawn in a process with 17.Qxf5!?} Bxa3 18. Qc2 (18. Rxa3 Qxa3 19. Bb4
Qa2 20. Bxf8 Rxf8 21. Qe6+ Kh8 22. Rf1 Qc2 23. Ne5 h6 $13) 18... Ne4 19. Be1
Bd6 20. Rxa4 Rxa4 21. Qxa4 Qe6 $14) 17... Ne4 18. Qc6 Qe6 19. Ra2 (19. Bxd6
Qxd6 20. Rc1 Qxc6 21. Rxc6 Rfc8 $13) 19... Rae8 20. Rc2 (20. Bxd6 Qxd6 21. Rc2
Qxc6 22. Rxc6 Re7 $14) 20... f4 $1 21. exf4 (21. Bxd6 cxd6 22. Qxb6 fxe3 23.
fxe3 Ng5 $17) 21... Rxf4 22. Re1 Ref8 (22... Bxb4 23. axb4 (23. Qxe6+ Rxe6 24.
axb4 Ng5 25. Rxe6 Nxe6 26. Rd2 a3 $17) 23... Qxc6 24. bxc6 (24. Rxc6 Nd6 25.
Rxe8+ Nxe8 $15) 24... Ra8 $15) 23. Bxd6 cxd6 24. Re3 (24. Qxb6 Qf5 25. Ree2
Rxf3 26. gxf3 Ng5 $17) 24... Qf5 25. h3 (25. Rce2 g5 26. h3 h5 27. Re1 (27.
Qxb6 g4 28. hxg4 hxg4 29. Nh2 Rxf2 $19) 27... Kh8 $1 (27... g4 28. hxg4 hxg4
29. Nh4 Qh5 30. Ng6 $1 g3 (30... Qxg6 31. Qxd5+ Qf7 32. Qxf7+ R8xf7 33. Rxe4 d5
34. Re6 Rxd4 35. Rxb6 $16) 31. Rxg3 Nxg3 32. fxg3 Re4 33. Rxe4 dxe4 34. Nxf8
Qd1+ 35. Kh2 Qh5+ $11) 28. Qxb6 g4 29. hxg4 hxg4 30. Nh4 (30. Nh2 Rxf2 31. Qa5
Rxg2+ 32. Kxg2 Qf2+ 33. Kh1 g3 $19) 30... Qg5 31. g3 Rxf2 32. Rxe4 dxe4 33.
Qxd6 Rf1+ 34. Rxf1 Qe3+ 35. Kh2 Qe2+ 36. Ng2 Rxf1 37. Qe5+ $11) 25... g5 26.
Qb7 (26. Qxb6 h5 27. Qc6 g4 28. hxg4 hxg4 29. Nh4 Qg5 30. g3 Rxf2 31. Rxf2 Qxe3
32. Qxd5+ Kg7 33. Nf5+ Rxf5 34. Qxf5 Qxg3+ 35. Rg2 Qe1+ 36. Qf1 Qe3+ 37. Kh1
Qh3+ $11) 26... g4 (26... Nc5 $2 27. dxc5 Qxc2 28. Qxd5+ Kh8 29. cxd6 $18) (
26... h5 27. Rc7 $16) 27. Nh4 $2 {The knight at the edge of the board is a
poor piece in great majority of cases, but as a defender he cuts even more
misserable figure.} (27. hxg4 Rxg4 28. Qxb6 Ng5 29. Ne1 Re4 30. Rxe4 Qxe4 31.
Qa5 Re8 32. Kf1 Qh4 $11) 27... Qg5 28. hxg4 (28. Rc8 Rxf2 29. Rxf8+ Rxf8 30.
Re1 Kh8 $19) 28... Rxf2 29. Rc7 (29. Rxf2 Qxe3 30. Qxd5+ Kh8 31. Qxe4 Qxf2+ 32.
Kh2 Qxh4+ $19) 29... Rf1+ 30. Kh2 Qxh4+ 31. Rh3 Qxh3+ $1 (31... Rh1+ 32. Kxh1
Nf2+ 33. Kg1 (33. Kh2 Nxg4+ $19) 33... Nxh3+ 34. gxh3 Qg3+ 35. Kh1 Rf1#) (31...
Qxh3+ $1 32. Kxh3 Rh1#) 0-1

[Event "DEN-ch"]
[Site "Horsens"]
[Date "2003.04.13"]
[Round "2"]
[White "Pedersen, Steffen"]
[Black "Schandorff, Lars"]
[Result "1-0"]
[WhiteElo "2443"]
[BlackElo "2563"]
[PlyCount "61"]
[EventDate "2003.04.12"]
[EventType "tourn"]
[EventRounds "9"]
[EventCountry "DEN"]
[EventCategory "10"]
[Source "ChessBase"]
[SourceDate "2003.07.25"]

1. d4 Nf6 2. Nf3 e6 3. c4 b6 4. a3 Bb7 5. Nc3 d5 6. cxd5 Nxd5 7. Bd2 Nd7 8. Qc2
N5f6 9. e4 a6 10. O-O-O b5 11. d5 e5 12. Kb1 Bd6 13. g4 O-O 14. g5 Ne8 15. h4
Nb6 16. Na2 g6 17. Nb4 Ng7 18. Nh2 a5 19. Nc6 Bxc6 20. dxc6 b4 21. Ng4 Nh5 22.
a4 Qe7 23. Be2 Kh8 24. Be3 Rab8 25. b3 Qe6 26. Nh6 Ng7 27. h5 Rbd8 28. Bxb6
cxb6 29. Bc4 Qe7 30. Nxf7+ Rxf7 31. hxg6 1-0

[Event "DEN-ch"]
[Site "Horsens"]
[Date "2003.04.12"]
[Round "1"]
[White "Rasmussen, Karsten"]
[Black "Palo, Davor"]
[Result "0-1"]
[WhiteElo "2423"]
[BlackElo "2483"]
[PlyCount "102"]
[EventDate "2003.04.12"]
[EventType "tourn"]
[EventRounds "9"]
[EventCountry "DEN"]
[EventCategory "10"]
[Source "ChessBase"]
[SourceDate "2003.07.25"]

1. c4 Nf6 2. Nc3 e6 3. Nf3 c5 4. e3 Be7 5. d4 cxd4 6. exd4 d5 7. cxd5 Nxd5 8.
Bc4 O-O 9. O-O Nc6 10. a3 Nxc3 11. bxc3 b6 12. Qd3 Bb7 13. Re1 Qc7 14. Ng5 Bxg5
15. Bxg5 Rac8 16. Ba2 Ne7 17. c4 Ng6 18. d5 e5 19. Rac1 Qd7 20. h4 Qg4 21. Re4
Qf5 22. Bb1 f6 23. Bd2 Rfe8 24. Qe2 Qd7 25. h5 Nf8 26. Rg4 b5 27. Bh6 Re7 28.
Rd1 bxc4 29. Qf3 Qd6 30. Qg3 Rcc7 31. Be4 c3 32. Bc1 Bc8 33. Rh4 f5 34. Bc2 Rf7
35. Rb4 f4 36. Qf3 Bf5 37. Bxf5 Rxf5 38. g4 Rg5 39. Qe2 a5 40. Rb5 Nd7 41. Rxa5
Nf6 42. Ra8+ Kf7 43. Ra6 Rxg4+ 44. Kf1 Qd7 45. Re6 f3 46. Qxf3 Qb5+ 47. Qd3 c2
48. Rd2 Qb1 49. Rxf6+ gxf6 50. d6 Qxc1+ 51. Ke2 Qxd2+ 0-1

[Event "DEN-ch"]
[Site "Horsens"]
[Date "2003.04.19"]
[Round "8"]
[White "Rasmussen, Karsten"]
[Black "Pedersen, Nicolai Vesterbaek"]
[Result "1-0"]
[WhiteElo "2423"]
[BlackElo "2508"]
[PlyCount "135"]
[EventDate "2003.04.12"]
[EventType "tourn"]
[EventRounds "9"]
[EventCountry "DEN"]
[EventCategory "10"]
[Source "ChessBase"]
[SourceDate "2003.07.25"]

1. c4 e6 2. Nc3 c5 3. Nf3 Nf6 4. g3 b6 5. Bg2 Bb7 6. O-O Be7 7. Re1 Ne4 8. Nxe4
Bxe4 9. d3 Bb7 10. e4 a6 11. d4 cxd4 12. Qxd4 O-O 13. Be3 b5 14. c5 Nc6 15. Qc3
Qa5 16. Qd3 Rad8 17. e5 h6 18. a3 b4 19. axb4 Qxb4 20. Qc2 Qg4 21. Ra4 Qh5 22.
g4 Qg6 23. Qxg6 fxg6 24. Nd2 Bg5 25. Bxg5 hxg5 26. Nf3 Rf4 27. Rxf4 gxf4 28.
Rd1 Nb4 29. Rd6 Rc8 30. Ng5 Bc6 31. Bxc6 Nxc6 32. Rxd7 Nxe5 33. Ra7 Nc6 34.
Rxa6 e5 35. Kg2 Kf8 36. Rb6 Ke7 37. b4 Kd7 38. b5 Nd4 39. Rb7+ Rc7 40. c6+ Kc8
41. Rxc7+ Kxc7 42. Nf3 Nxb5 43. Nxe5 g5 44. Kf3 Nd6 45. Ke2 Ne4 46. f3 Nc5 47.
Kd2 Kd6 48. Nf7+ Kxc6 49. Nxg5 Kd5 50. h4 Kd4 51. Nf7 Nb3+ 52. Ke2 Nc1+ 53. Kd2
Nb3+ 54. Ke2 Nc1+ 55. Kf1 Ke3 56. Ne5 Kd4 57. Ng6 Ke3 58. h5 Ne2 59. Nh4 Ng3+
60. Kg2 Kd4 61. Ng6 Ke3 62. Nf8 Ne4 63. fxe4 Ke2 64. Ne6 f3+ 65. Kh3 Kd3 66.
Kh2 f2 67. Kg2 Ke2 68. Nf4+ 1-0

[Event "DEN-ch"]
[Site "Horsens"]
[Date "2003.04.14"]
[Round "3"]
[White "Rasmussen, Karsten"]
[Black "Pedersen, Steffen"]
[Result "1-0"]
[WhiteElo "2423"]
[BlackElo "2443"]
[PlyCount "101"]
[EventDate "2003.04.12"]
[EventType "tourn"]
[EventRounds "9"]
[EventCountry "DEN"]
[EventCategory "10"]
[Source "ChessBase"]
[SourceDate "2003.07.25"]

1. c4 e6 2. Nf3 d5 3. d4 Nf6 4. Nc3 Be7 5. Bg5 h6 6. Bh4 O-O 7. e3 b6 8. Bd3
Bb7 9. O-O Nbd7 10. Qe2 Ne4 11. Bg3 c5 12. cxd5 exd5 13. Rad1 Nxc3 14. bxc3 c4
15. Bb1 Re8 16. Ne5 Nf8 17. Qh5 g6 18. Nxg6 fxg6 19. Bxg6 Bf6 20. Bxe8 Qxe8 21.
Qxh6 Qe7 22. Be5 Nd7 23. f4 Nxe5 24. dxe5 Bg7 25. Qg6 Rf8 26. Rf2 Qe8 27. Qg5
Qe6 28. Rf3 Rf5 29. Qh4 d4 30. Rg3 d3 31. Qg4 Qf7 32. e6 Qf6 33. e7 Bc6 34. Rf1
Rc5 35. Qc8+ Kf7 36. f5 Be8 37. Qd8 Re5 38. Qc8 Qc6 39. Qd8 Qd7 40. f6 Bh6 41.
Rh3 Bxe3+ 42. Kh1 Rf5 43. Rxf5 Qxf5 44. Qxe8+ Kxe8 45. Rh8+ Kd7 46. e8=Q+ Kc7
47. Qe7+ Kc6 48. Qxe3 Qf1+ 49. Qg1 Qxf6 50. Rc8+ Kd5 51. Rd8+ 1-0

[Event "DEN-ch"]
[Site "Horsens"]
[Date "2003.04.18"]
[Round "7"]
[White "Rasmussen, Karsten"]
[Black "Hansen, Sune Berg"]
[Result "0-1"]
[WhiteElo "2423"]
[BlackElo "2537"]
[PlyCount "78"]
[EventDate "2003.04.12"]
[EventType "tourn"]
[EventRounds "9"]
[EventCountry "DEN"]
[EventCategory "10"]
[Source "ChessBase"]
[SourceDate "2003.07.25"]

1. c4 c6 2. d4 d5 3. Bf4 dxc4 4. e3 Be6 5. Nf3 Nf6 6. Ne5 Nd5 7. Bg3 b5 8. Be2
f6 9. Nf3 Nd7 10. O-O Bf7 11. a4 a6 12. e4 N5b6 13. Nc3 e6 14. d5 cxd5 15. exd5
exd5 16. a5 Nc8 17. Re1 Be7 18. Nxd5 Ra7 19. Nxe7 Nxe7 20. Qd4 Rb7 21. Nh4 Ne5
22. Bxe5 fxe5 23. Qxe5 O-O 24. Bf3 Rd7 25. Bg4 Nc6 26. Qc5 Rd4 27. Nf5 Rxg4 28.
Qxc6 Rf4 29. Ne7+ Kh8 30. Qxa6 Qd2 31. Qb6 Bh5 32. Qe3 Qxb2 33. a6 Rxf2 34. Qh3
Qd4 35. Qe3 Rf1+ 36. Rxf1 Qxe3+ 37. Kh1 Rxf1+ 38. Rxf1 Qxe7 39. a7 Bf3 0-1

[Event "DEN-ch"]
[Site "Horsens"]
[Date "2003.04.16"]
[Round "5"]
[White "Rasmussen, Karsten"]
[Black "Mortensen, Erling"]
[Result "0-1"]
[WhiteElo "2423"]
[BlackElo "2453"]
[PlyCount "170"]
[EventDate "2003.04.12"]
[EventType "tourn"]
[EventRounds "9"]
[EventCountry "DEN"]
[EventCategory "10"]
[Source "ChessBase"]
[SourceDate "2003.07.25"]

1. e4 c5 2. c3 d5 3. exd5 Qxd5 4. d4 Nf6 5. Nf3 e6 6. Be3 cxd4 7. cxd4 Bd7 8.
Nc3 Qa5 9. Bd3 Bc6 10. O-O Nbd7 11. Re1 Bd6 12. Ng5 O-O 13. a3 h6 14. Nge4 Nxe4
15. Bxe4 Bxe4 16. Nxe4 Be7 17. Qg4 Kh7 18. Nc5 Nf6 19. Qf3 b6 20. Nd3 Rac8 21.
Ne5 Qd5 22. Qe2 Bd6 23. Qd3+ Kg8 24. Bf4 Rfd8 25. Rad1 Qa2 26. Qh3 Bf8 27. Bc1
Nd7 28. Ng4 Qd5 29. Ne3 Qb3 30. d5 Nf6 31. dxe6 fxe6 32. Rxd8 Rxd8 33. Qh4 Be7
34. h3 b5 35. Qf4 Bd6 36. Qf3 Bc5 37. Qc6 Bb6 38. Qc2 Qxc2 39. Nxc2 Rc8 40. Re2
Nd5 41. Kf1 Kf7 42. Ke1 a5 43. Be3 Nxe3 44. Nxe3 Rc1+ 45. Kd2 Rg1 46. g3 Bd4
47. Kd3 Bf6 48. Ng4 Ke7 49. Nxf6 gxf6 50. Rc2 Kd6 51. h4 f5 52. h5 Rh1 53. Rc8
Rb1 54. Kc2 Rf1 55. f4 Rf2+ 56. Kc3 Rf3+ 57. Kd4 Rxg3 58. Ra8 a4 59. Rd8+ Ke7
60. Rh8 Rf3 61. Kc5 Rxf4 62. Rxh6 Rf2 63. Rh7+ Kf6 64. Rb7 Rxb2 65. h6 Rh2 66.
h7 Ke5 67. Kxb5 f4 68. Kxa4 f3 69. Rf7 Ke4 70. Kb3 e5 71. a4 Ke3 72. a5 f2 73.
a6 Rxh7 74. Rxh7 f1=Q 75. a7 Qb5+ 76. Kc2 Qa4+ 77. Kb2 e4 78. Kb1 Kd3 79. Rd7+
Ke2 80. Rb7 e3 81. Rb2+ Kd3 82. Ra2 Qb3+ 83. Ka1 e2 84. Rxe2 Qd1+ 85. Kb2 Qxe2+
0-1